[Event "Ibague Blitz op"]
[Site "Ibague"]
[Date "2022.10.08"]
[Round "9"]
[White "Hurtado Sarmiento, Juan Sebastian"]
[Black "Sanchez Quintero, Carlos Fernando"]
[Result "0-1"]
[WhiteElo "1905"]
[BlackElo "1825"]
[PlyCount "76"]
[EventDate "2022.10.08"]
[EventType "swiss (blitz)"]
[EventRounds "9"]
[EventCountry "COL"]
[SourceTitle "CBM 210 Extra"]
[Source "ChessBase"]
[SourceDate "2022.11.30"]
[SourceVersion "1"]
[SourceVersionDate "2022.11.30"]
[SourceQuality "1"]

1. e4 e5 2. Nf3 Nc6 3. Bc4 Nf6 4. d3 d6 5. 0-0 Be7 6. c3 Bg4 7. Nbd2 0-0 8. Re1 Na5 9. Bb5 Nh5 10. h3 Bxf3 11. Qxf3 Nf4 12. d4 c6 13. Ba4 b5 14. Bc2 Nc4 15. Nxc4 bxc4 16. Bxf4 exf4 17. Qxf4 Bg5 18. Qf3 Qd7 19. b4 a5 20. a3 c5 21. bxc5 dxc5 22. d5 Rab8 23. e5 Rb2 24. Bf5 Qd8 25. e6 fxe6 26. Bxe6+ Kh8 27. Qg3 Bh4 28. Qg4 Bxf2+ 29. Kh1 Bxe1 30. Rxe1 Qf6 31. Qxc4 Rxg2 32. Rf1 Rf2 33. Rxf2 Qxf2 34. Qg4 Qf1+ 35. Qg1 Qf3+ 36. Qg2 Qd1+ 37. Kh2 Qe1 38. Qg1 Qd2+ 0-1

[Event "Ibague op"]
[Site "Ibague"]
[Date "2022.10.07"]
[Round "5"]
[White "Sanchez Quintero, Carlos Fernando"]
[Black "Mena Cordoba, Yamil Octavio"]
[Result "1-0"]
[WhiteElo "1807"]
[BlackElo "1905"]
[PlyCount "79"]
[EventDate "2022.10.05"]
[EventType "swiss"]
[EventRounds "10"]
[EventCountry "COL"]
[SourceTitle "CBM 210 Extra"]
[Source "ChessBase"]
[SourceDate "2022.11.30"]
[SourceVersion "1"]
[SourceVersionDate "2022.11.30"]
[SourceQuality "1"]

1. d4 d6 2. Bf4 Nd7 3. Nf3 g6 4. e4 Bg7 5. Bc4 e6 6. 0-0 Ne7 7. Qd2 h6 8. a4 g5 9. Be3 Ng6 10. Nc3 0-0 11. h4 g4 12. h5 Nb6 13. Bb3 gxf3 14. hxg6 Qf6 15. gxf3 Qxg6+ 16. Kh2 e5 17. Rh1 Qf6 18. Rag1 Kh7 19. d5 Rg8 20. Rg3 Bf8 21. Kg2 Rxg3+ 22. fxg3 a6 23. g4 Qg6 24. Ne2 Bd7 25. a5 Na4 26. c3 b5 27. Ng3 Bg7 28. Nf5 Bxf5 29. exf5 Qf6 30. g5 Qd8 31. f6 Bf8 32. Bc2+ e4 33. Bxe4+ Kg8 34. Bb1 Be7 35. Bd4 c5 36. dxc6 Nc5 37. Qc2 Kf8 38. Rxh6 Ke8 39. Bxc5 dxc5 40. Rh8+ 1-0

[Event "Ibague op"]
[Site "Ibague"]
[Date "2022.10.06"]
[Round "4"]
[White "Nunez Villavicencio, Jorge Daniel"]
[Black "Sanchez Quintero, Carlos Fernando"]
[Result "0-1"]
[WhiteElo "1643"]
[BlackElo "1807"]
[PlyCount "86"]
[EventDate "2022.10.05"]
[EventType "swiss"]
[EventRounds "10"]
[EventCountry "COL"]
[SourceTitle "CBM 210 Extra"]
[Source "ChessBase"]
[SourceDate "2022.11.30"]
[SourceVersion "1"]
[SourceVersionDate "2022.11.30"]
[SourceQuality "1"]

1. e4 c5 2. Nf3 d6 3. d4 cxd4 4. Nxd4 Nf6 5. f3 e5 6. Bb5+ Nbd7 7. Nf5 d5 8. exd5 a6 9. Ba4 b5 10. Bb3 Nc5 11. Ne3 Bd6 12. 0-0 0-0 13. c4 Nh5 14. Bc2 f5 15. b4 Nb7 16. c5 Bb8 17. d6 a5 18. Ba3 axb4 19. Bxb4 Ba7 20. Qd5+ Kh8 21. Rd1 Qg5 22. Qxe5 Bd7 23. Nd5 Nxc5 24. Kh1 Ne6 25. Bd2 Bd4 26. Qe1 f4 27. g4 Bxa1 28. Qe4 Ng3+ 29. hxg3 Qh6+ 30. Kg2 Ng5 31. Qd3 Qh3+ 32. Kf2 Qxg3+ 33. Kf1 Qh3+ 34. Kf2 Qh2+ 35. Kf1 Qh1+ 36. Ke2 Qg2+ 37. Ke1 Nxf3+ 38. Qxf3 Qxf3 39. Bxf4 Rxf4 40. Nxf4 Qxf4 41. Nd2 Bc3 42. Ke2 Bxg4+ 43. Kd3 Qd4# 0-1

[Event "Ibague op"]
[Site "Ibague"]
[Date "2022.10.05"]
[Round "2"]
[White "Guzman Galeano, Erick Samir"]
[Black "Sanchez Quintero, Carlos Fernando"]
[Result "1-0"]
[WhiteElo "1542"]
[BlackElo "1807"]
[PlyCount "109"]
[EventDate "2022.10.05"]
[EventType "swiss"]
[EventRounds "10"]
[EventCountry "COL"]
[SourceTitle "CBM 210 Extra"]
[Source "ChessBase"]
[SourceDate "2022.11.30"]
[SourceVersion "1"]
[SourceVersionDate "2022.11.30"]
[SourceQuality "1"]

1. e4 c5 2. Nf3 d6 3. c3 Nf6 4. e5 Nd5 5. Na3 a6 6. Bc4 e6 7. 0-0 b5 8. Bxd5 exd5 9. d4 dxe5 10. Nxe5 Bd6 11. Bf4 0-0 12. Qf3 Qc7 13. Rfe1 Be6 14. Nd3 Nd7 15. Qg3 Bxf4 16. Nxf4 Qc6 17. Nc2 Nf6 18. f3 a5 19. Re5 b4 20. Nxe6 fxe6 21. Qh3 Rfe8 22. Rae1 Kf7 23. Qh4 Ra6 24. dxc5 bxc3 25. bxc3 Qxc5+ 26. Qd4 Rc6 27. Qxc5 Rxc5 28. R1e3 Nd7 29. Rh5 Kg6 30. Rh4 Nf6 31. Nd4 e5 32. Nb3 Rb5 33. Ra4 e4 34. Kf2 Rf8 35. Ke2 h5 36. h3 h4 37. Kd2 Nd7 38. c4 dxc4 39. Rxc4 Ne5 40. Rcxe4 Rd8+ 41. Ke2 Nf7 42. f4 Rc8 43. Rd3 Rc2+ 44. Rd2 Rxd2+ 45. Kxd2 Kf6 46. Kc3 Nd6 47. Ra4 Nb7 48. Rd4 Kf5 49. Rc4 Rd5 50. Rc7 Nd6 51. Rxg7 Kxf4 52. Rg4+ Ke3 53. Rxh4 Rd3+ 54. Kb2 Ne4 55. Rxe4+ 1-0